Estatuto Tributario Nacional

Detalles Bibliográficos
Autor principal: Chavarro Cadena, Jorge Enrique
Formato: eBook
Lenguaje:español
Publicado: Bogot ̀: Editorial Nueva Legislacin̤, 2013
Materias:
Acceso en línea:http://www.vlex.com/source/11363

MARC

LEADER 00000nam a22000007a 4500
005 20130614144437.0
007 cr|||| ||||
008 130614e2013 ck |||||s|||| 00||0 spa d
020 |a 978-958-8371-99-3  
035 |a 11363 
040 |a vLex 
090 |c 4367  |d 4367 
100 1 0 |a Chavarro Cadena, Jorge Enrique 
245 1 0 |a Estatuto Tributario Nacional  |c / Jorge Enrique Chavarro Cadena   |h [Recurso electrn̤ico] 
256 |a Servicio en ln̕ea 
260 |a Bogot ̀:  |b Editorial Nueva Legislacin̤,   |c 2013 
300 |a 1 Recurso electrn̤ico 
506 |a Contenido solo disponible en los productos indicados  |d vLex Global   |d vLex Global (Academic Edition, excluding Law Schools)  |d vLex Global (U.S. Academic Edition, Law Schools)  |d vLex Global (U.S. Academic Edition, excluding Law Schools)  |d vLex Global (Academic Edition, Law Schools) 
650 4 |a Derecho tributario  |z Colombia 
740 |a vLex Libros (Servicio en ln̕ea) 
856 |a Acceso restringido  |u http://www.vlex.com/source/11363 
942 |c BOOK 
999 0 |a Taxation